[Event "zonal 11"]
[Site "Shah Alam MAS"]
[Date "1990.??.??"]
[Round "5"]
[White "Utut Adianto"]
[Black "Johansen, Darryl"]
[Result "0-1"]
[WhiteElo "2525"]
[BlackElo "2420"]
[EventDate "1990.02.26"]
[PlyCount "116"]

1.d4 Nf6 2.Nf3 c5 3.e3 e6 4.c4 cxd4 5.exd4 d5 6.Nc3 Bb4 7.Bd3 dxc4 8.Bxc4 
O-O 9.O-O Nbd7 10.Qe2 Nb6 11.Bd3 Bd7 12.Ne4 Nbd5 13.Ne5 Be7 14.a3 Rc8 15.
Re1 Rc7 16.Ng5 h6 17.Ngf3 Qc8 18.Bd2 Ba4 19.Nc4 Qb8 20.Nfe5 Qc8 21.Qf3 Rd8
22.Rac1 Be8 23.Ng4 Nxg4 24.Qxg4 Kh8 25.Qh3 Bf8 26.g4 b5 27.Ne5 f6 28.Nf3 
Rxc1 29.Bxc1 Qc7 30.g5 Nf4 31.Bxf4 Qxf4 32.gxf6 gxf6 33.Re4 Qc1+ 34.Re1 
Qf4 35.Qg3 Qxg3+ 36.hxg3 Bh5 37.Nh4 Rxd4 38.Bxb5 Bf7 39.Rc1 Bd6 40.b4 Rd2 
41.Rc8+ Kg7 42.Ra8 Bc7 43.Rxa7 Bb6 44.Rb7 Bxf2+ 45.Kg2 Kf8 46.Bc6 Rb2 47.
Bf3 f5 48.Kh3 f4 49.Kg4 fxg3 50.b5 Rc2 51.Kh3 Rc4 52.Ng2 Bg6 53.Bg4 Be4 
54.Rb8+ Ke7 55.b6 Rc1 56.Bxe6 Rh1+ 57.Kg4 Bxg2 58.b7 Bxb7 0-1

[Event "zonal 11"]
[Site "Shah Alam MAS"]
[Date "1990.??.??"]
[Round "5"]
[White "Balinas, Rosendo Carrean"]
[Black "Ginting, Nasib"]
[Result "1-0"]
[WhiteElo "2405"]
[BlackElo "2400"]
[EventDate "1990.02.26"]
[PlyCount "55"]

1.e4 c5 2.Ne2 d6 3.g3 d5 4.Nbc3 dxe4 5.Nxe4 Nc6 6.Bg2 e6 7.O-O Nf6 8.d3 
Be7 9.Be3 Nd4 10.c3 Nxe2+ 11.Qxe2 Nxe4 12.Bxe4 O-O 13.d4 cxd4 14.Bxd4 Qc7 
15.Rfd1 f6 16.Qe3 Qa5 17.b4 Qa4 18.Bc5 Bxc5 19.Qxc5 Re8 20.Rd2 e5 21.Rad1 
Kh8 22.Qc7 Bg4 23.f3 Rac8 24.Qxb7 Be6 25.b5 Rxc3 26.Bc6 Bc8 27.Qc7 e4 28.
Rd8 1-0

[Event "zonal 11"]
[Site "Shah Alam MAS"]
[Date "1990.??.??"]
[Round "5"]
[White "West, Guy"]
[Black "Liang Jinrong"]
[Result "1-0"]
[WhiteElo "2330"]
[BlackElo "2455"]
[EventDate "1990.02.26"]
[PlyCount "57"]

1.e4 c5 2.Nf3 e6 3.b3 b6 4.Bb2 Bb7 5.Nc3 Nc6 6.g3 Nf6 7.Bg2 Be7 8.O-O O-O 
9.e5 Ne8 10.d4 Nxd4 11.Nxd4 Bxg2 12.Nxe6 dxe6 13.Kxg2 c4 14.Qxd8 Rxd8 15.
Rfd1 Rc8 16.Rd7 Bb4 17.a3 Bxc3 18.Bxc3 Nc7 19.bxc4 Na6 20.Rxa7 Rxc4 21.
Rxa6 Rxc3 22.Ra2 Rb8 23.Rb2 g5 24.a4 Rc5 25.a5 b5 26.Rb6 Ra8 27.a6 Rc4 28.
R2xb5 Rxc2 29.Rb8+ 1-0

[Event "zonal 11"]
[Site "Shah Alam MAS"]
[Date "1990.??.??"]
[Round "5"]
[White "Garbett, Paul Anthony"]
[Black "Barcenilla, Rogelio"]
[Result "1/2-1/2"]
[WhiteElo "2295"]
[BlackElo "2385"]
[EventDate "1990.02.26"]
[PlyCount "87"]

1.e4 e5 2.Nf3 Nc6 3.Bb5 a6 4.Bxc6 dxc6 5.O-O f6 6.d4 Bg4 7.dxe5 Qxd1 8.
Rxd1 fxe5 9.Rd3 Bd6 10.Nbd2 Nh6 11.Nc4 Nf7 12.Ng5 Rd8 13.f3 Bc8 14.Nxf7 
Kxf7 15.Nxd6+ cxd6 16.Bg5 Rd7 17.Rad1 Ke6 18.c4 h6 19.Be3 g5 20.a4 Rg8 21.
g3 h5 22.Kf2 b5 23.axb5 axb5 24.cxb5 cxb5 25.Rd5 g4 26.f4 Bb7 27.Rxb5 Bxe4
28.fxe5 Rc8 29.Rd2 Bc6 30.Ra5 dxe5 31.Rxd7 Bxd7 32.Bd2 Rf8+ 33.Ke1 Bc6 34.
Bc3 Bd5 35.Ra6+ Kf5 36.Rh6 Bf7 37.Rb6 Rd8 38.Rb7 Bg8 39.Re7 Rd5 40.Ke2 Be6
41.Ra7 Bd7 42.Ke3 Be8 43.Re7 Bg6 44.b4 1/2-1/2

[Event "zonal 11"]
[Site "Shah Alam MAS"]
[Date "1990.??.??"]
[Round "5"]
[White "Liew Chee Meng, Jimmy"]
[Black "Schmidt, Loren"]
[Result "1-0"]
[WhiteElo "2355"]
[BlackElo "2260"]
[EventDate "1990.02.26"]
[PlyCount "72"]

1.d4 Nf6 2.Nf3 c5 3.c3 e6 4.Bg5 d5 5.e3 h6 6.Bh4 Be7 7.Nbd2 O-O 8.Bd3 Nbd7
9.Ne5 Nxe5 10.dxe5 Nd7 11.Bg3 f5 12.exf6 Bxf6 13.O-O e5 14.Qh5 Rf7 15.Bh7+
Kxh7 16.Qxf7 Nf8 17.f4 e4 18.f5 Bd7 19.Rad1 Qb6 20.Qxd5 Bc6 21.Qb3 Qa6 22.
Qf7 Qe2 23.Nc4 b5 24.Ne5 Bxe5 25.Bxe5 Qxe3+ 26.Kh1 Qg5 27.Rd6 e3 28.Rxc6 
e2 29.Rg1 Rd8 30.Rg6 Rd7 31.Qxf8 Qe7 32.Rxg7+ Qxg7 33.Bxg7 Rxg7 34.f6 Rg5 
35.Qe7+ Kg6 36.f7 Rf5 1-0

[Event "zonal 11"]
[Site "Shah Alam MAS"]
[Date "1990.??.??"]
[Round "6"]
[White "Wang Zili"]
[Black "Ye Rongguang"]
[Result "1/2-1/2"]
[WhiteElo "2525"]
[BlackElo "2490"]
[EventDate "1990.02.26"]
[PlyCount "37"]

1.e4 e5 2.Nf3 Nc6 3.Bb5 g6 4.c3 a6 5.Ba4 d6 6.d4 Bd7 7.Bg5 f6 8.Be3 Nh6 9.
h3 Nf7 10.Nbd2 Bg7 11.Bb3 Qe7 12.Qe2 O-O 13.dxe5 dxe5 14.O-O Rfe8 15.Rad1 
Rad8 16.Qc4 Be6 17.Qxe6 Qxe6 18.Bxe6 Rxe6 19.Nc4 1/2-1/2

[Event "zonal 11"]
[Site "Shah Alam MAS"]
[Date "1990.??.??"]
[Round "6"]
[White "Lim, Jeremy"]
[Black "Utut Adianto"]
[Result "0-1"]
[WhiteElo "2365"]
[BlackElo "2525"]
[EventDate "1990.02.26"]
[PlyCount "120"]

1.c4 e6 2.Nc3 d5 3.d4 Nf6 4.Bg5 Nbd7 5.cxd5 exd5 6.e3 c6 7.Bd3 Be7 8.Qc2 
O-O 9.Nf3 Re8 10.O-O g6 11.Rab1 a5 12.a3 Nh5 13.Bxe7 Qxe7 14.b4 axb4 15.
axb4 Nb6 16.b5 c5 17.dxc5 Qxc5 18.Ne2 Qd6 19.Rfc1 Ra3 20.Rb3 Rxb3 21.Qxb3 
Bg4 22.Ned4 Nf6 23.h3 Bd7 24.Rc2 Kg7 25.Qc3 Rc8 26.Qb3 Re8 27.Qc3 Na4 28.
Qc7 Qxc7 29.Rxc7 b6 30.Bc2 Nc5 31.Nd2 Rd8 32.N2f3 Ra8 33.Ne5 Be8 34.g3 
Ra1+ 35.Kg2 Ra2 36.h4 Nfe4 37.g4 Nd6 38.Bd3 Kf8 39.g5 Nde4 40.Be2 Nc3 41.
Bf1 N3e4 42.Be2 Nb3 43.Rc2 Rxc2 44.Nxc2 Nc3 45.Bd3 Nxb5 46.Nb4 Nc3 47.Ng4 
Nc5 48.Bc2 d4 49.exd4 Ne6 50.Nf6 Nxd4 51.Bd3 Nc6 52.Na6 Ne5 53.Bc2 Bc6+ 
54.Kh2 Ke7 55.f4 Nf3+ 56.Kg3 Nd4 57.Bd3 Nd5 58.Nxd5+ Bxd5 59.h5 Ke6 60.
hxg6 hxg6 0-1

[Event "zonal 11"]
[Site "Shah Alam MAS"]
[Date "1990.??.??"]
[Round "6"]
[White "West, Guy"]
[Black "Rogers, Ian"]
[Result "0-1"]
[WhiteElo "2330"]
[BlackElo "2515"]
[EventDate "1990.02.26"]
[PlyCount "100"]

1.e4 c5 2.b3 b6 3.Bb2 Bb7 4.Nc3 e6 5.Nf3 a6 6.g3 d6 7.Bg2 Nf6 8.d3 Be7 9.
O-O Qc7 10.Qd2 Nbd7 11.Rae1 b5 12.Ng5 h6 13.Nh3 O-O 14.f4 Nh7 15.e5 Bxg2 
16.exd6 Bxf1 17.dxc7 Bxh3 18.Ne4 Nhf6 19.Qa5 Rfc8 20.c4 bxc4 21.Bxf6 Nxf6 
22.Nf2 Bf5 23.bxc4 Bd6 24.Ne4 Bxc7 25.Qc3 Nd7 26.Nf2 h5 27.h3 Rab8 28.Kg2 
Bg6 29.Kf3 e5 30.Re2 h4 31.fxe5 hxg3 32.Ng4 Re8 33.d4 Bh5 34.Kxg3 cxd4 35.
Qxd4 Nxe5 36.Kg2 f6 37.Qa7 Rec8 38.Qxa6 Nxg4 39.Qe6+ Kh8 40.hxg4 Re8 41.
gxh5 Rxe6 42.Rxe6 Be5 43.Ra6 Rc8 44.Ra4 Kh7 45.Kf3 Kh6 46.Ke4 Kxh5 47.Kd5 
g5 48.c5 g4 49.Ra7 g3 50.Rh7+ Kg4 0-1

[Event "zonal 11"]
[Site "Shah Alam MAS"]
[Date "1990.??.??"]
[Round "6"]
[White "Antonio, Rogelio jr"]
[Black "Balinas, Rosendo Carrean"]
[Result "1-0"]
[WhiteElo "2440"]
[BlackElo "2405"]
[EventDate "1990.02.26"]
[PlyCount "77"]

1.e4 e5 2.Nf3 Nc6 3.Bb5 a6 4.Ba4 Nf6 5.Nc3 d6 6.Bxc6+ bxc6 7.d4 exd4 8.
Qxd4 Be7 9.b3 Nd7 10.Bb2 Bf6 11.Qe3 O-O 12.O-O-O Re8 13.Nd4 Bb7 14.Nf5 Nc5
15.Kb1 a5 16.a4 Bc8 17.Nd4 Bd7 18.f4 Qe7 19.Rhe1 Rab8 20.Qf3 Rb4 21.e5 
dxe5 22.fxe5 Bxe5 23.Nxc6 Bxc6 24.Qxc6 Qf8 25.Rd5 Re6 26.Qxc5 Bd6 27.Qf2 
Rf4 28.Qd2 Rxe1+ 29.Qxe1 Qa8 30.Rd2 h5 31.Nd5 Rg4 32.h3 Rg5 33.Qe4 Qd8 34.
Ne3 Qd7 35.Nc4 f6 36.Rd5 Qc6 37.Qe6+ Kh8 38.Rxg5 fxg5 39.Qh6+ 1-0

[Event "zonal 11"]
[Site "Shah Alam MAS"]
[Date "1990.??.??"]
[Round "6"]
[White "Carless, David"]
[Black "Barcenilla, Rogelio"]
[Result "0-1"]
[WhiteElo "2270"]
[BlackElo "2385"]
[EventDate "1990.02.26"]
[PlyCount "96"]

1.g3 c5 2.c4 Nc6 3.Nc3 g6 4.Bg2 Bg7 5.e4 d6 6.d3 h5 7.h3 e5 8.Nge2 h4 9.g4
g5 10.Nd5 f6 11.a3 Nge7 12.Ne3 a6 13.Nc3 Rb8 14.Rb1 b5 15.cxb5 axb5 16.b4 
cxb4 17.axb4 Be6 18.O-O O-O 19.Nf5 Bf7 20.Be3 Nxf5 21.exf5 d5 22.Bc5 Re8 
23.d4 Bf8 24.Bxf8 Kxf8 25.dxe5 Rxe5 26.Qc1 Qb6 27.Qb2 Kg7 28.Rbd1 Rd8 29.
Rd2 d4 30.Ne4 Bd5 31.Nc5 Bxg2 32.Kxg2 Rxc5 33.bxc5 Qxc5 34.Qa2 d3 35.Rh1 
Qc4 36.Re1 Ne5 37.Rxe5 Qc6+ 38.f3 fxe5 39.Qa1 Kf6 40.Qa7 e4 41.Qh7 exf3+ 
42.Kh2 Qd6+ 43.Kh1 Ke5 44.f6 Qxf6 45.Rxd3 Rxd3 46.Qxd3 Qc6 47.Qe3+ Kf6 48.
Qd4+ Kf7 0-1

[Event "zonal 11"]
[Site "Shah Alam MAS"]
[Date "1990.??.??"]
[Round "7"]
[White "Ye Rongguang"]
[Black "Rogers, Ian"]
[Result "1/2-1/2"]
[WhiteElo "2490"]
[BlackElo "2515"]
[EventDate "1990.02.26"]
[PlyCount "98"]

1.c4 Nf6 2.Nc3 g6 3.e4 d6 4.g3 Bg7 5.Bg2 c5 6.Nge2 Nc6 7.O-O Nd7 8.a3 Nf8 
9.b4 Ne6 10.Rb1 O-O 11.d3 Rb8 12.Be3 b6 13.f4 Ned4 14.b5 Nxe2+ 15.Nxe2 Nd4
16.Nxd4 Bxd4 17.Bxd4 cxd4 18.f5 e5 19.fxe6 fxe6 20.Rxf8+ Qxf8 21.e5 dxe5 
22.Qe2 Qd6 23.Re1 Kg7 24.g4 h6 25.h4 Bd7 26.Qxe5+ Qxe5 27.Rxe5 Kf6 28.Re4 
e5 29.g5+ hxg5 30.hxg5+ Kxg5 31.Rxe5+ Bf5 32.Rd5 Kh4 33.Kf2 Rf8 34.Rxd4+ 
Bg4+ 35.Ke3 g5 36.Rd6 Bf5 37.Rh6+ Kg3 38.Bc6 Rf7 39.d4 Re7+ 40.Kd2 g4 41.
d5 Kf4 42.d6 Rg7 43.Kc3 g3 44.Rh1 Ke5 45.Rd1 Bd7 46.Bg2 Be6 47.Bc6 Bd7 48.
Bg2 Be6 49.Bc6 Bd7 1/2-1/2

[Event "zonal 11"]
[Site "Shah Alam MAS"]
[Date "1990.??.??"]
[Round "7"]
[White "Barcenilla, Rogelio"]
[Black "Utut Adianto"]
[Result "1-0"]
[WhiteElo "2385"]
[BlackElo "2525"]
[EventDate "1990.02.26"]
[PlyCount "67"]

1.e4 c6 2.d4 d5 3.Nd2 dxe4 4.Nxe4 Bf5 5.Ng3 Bg6 6.Nf3 Nd7 7.h4 h6 8.h5 Bh7
9.Bd3 Bxd3 10.Qxd3 Ngf6 11.Bd2 e6 12.O-O-O Qc7 13.Ne4 O-O-O 14.g3 Nc5 15.
Nxc5 Bxc5 16.Rh4 Rhe8 17.c4 Bb6 18.Qc2 Qe7 19.b4 Rd7 20.Bc3 Bc7 21.a4 Red8
22.Re1 Ne8 23.b5 Qa3+ 24.Kb1 cxb5 25.axb5 Ba5 26.Re3 Rc7 27.Bd2 Qe7 28.
Bxa5 b6 29.Bd2 Nd6 30.Bb4 Qe8 31.Bxd6 Rxd6 32.Ne5 Qd8 33.Nc6 Qg5 34.Re5 
1-0

[Event "zonal 11"]
[Site "Shah Alam MAS"]
[Date "1990.??.??"]
[Round "7"]
[White "Handoko, Edhi"]
[Black "Ye Jiangchuan"]
[Result "0-1"]
[WhiteElo "2370"]
[BlackElo "2530"]
[EventDate "1990.02.26"]
[PlyCount "89"]

1.e4 c5 2.Nf3 d6 3.d4 cxd4 4.Nxd4 Nf6 5.Nc3 e6 6.g4 Be7 7.g5 Nfd7 8.f4 O-O
9.Bg2 Nc6 10.Be3 a6 11.O-O Re8 12.Qd2 Nxd4 13.Bxd4 e5 14.Be3 exf4 15.Bxf4 
Ne5 16.Nd5 Be6 17.Rad1 Bf8 18.Kh1 Rc8 19.Qf2 Qa5 20.a3 Qb5 21.c3 Nd3 22.
Qc2 Bxd5 23.exd5 Nxf4 24.Rxf4 g6 25.c4 Qb6 26.Rdf1 Rc7 27.b4 Qe3 28.R1f3 
Qe4 29.Qf2 Qe1+ 30.Qxe1 Rxe1+ 31.Rf1 Re2 32.R1f3 Re5 33.h4 h6 34.Rg4 hxg5 
35.hxg5 Be7 36.Rfg3 Re1+ 37.Kh2 Rc1 38.Re3 Kf8 39.Ree4 b6 40.Rd4 Rc3 41.a4
a5 42.b5 Ra3 43.c5 Rxc5 44.Rc4 Rxc4 45.Rxc4 0-1

[Event "zonal 11"]
[Site "Shah Alam MAS"]
[Date "1990.??.??"]
[Round "7"]
[White "Torre, Eugenio"]
[Black "West, Guy"]
[Result "1/2-1/2"]
[WhiteElo "2550"]
[BlackElo "2330"]
[EventDate "1990.02.26"]
[PlyCount "44"]

1.e4 c5 2.Nf3 d6 3.d4 cxd4 4.Nxd4 Nf6 5.Nc3 g6 6.Be2 Bg7 7.O-O Nc6 8.Nb3 
O-O 9.Bg5 Be6 10.Re1 Re8 11.Bf1 Rc8 12.Nd5 Bxd5 13.exd5 Ne5 14.c3 a6 15.
Rc1 Qd7 16.Qd4 h6 17.Bd2 b5 18.Rcd1 Nc4 19.Bc1 Qc7 20.Qh4 h5 21.Be2 Qb7 
22.Bf3 Ne5 1/2-1/2

[Event "zonal 11"]
[Site "Shah Alam MAS"]
[Date "1990.??.??"]
[Round "7"]
[White "Balinas, Rosendo Carrean"]
[Black "Liew Chee Meng, Jimmy"]
[Result "0-1"]
[WhiteElo "2405"]
[BlackElo "2355"]
[EventDate "1990.02.26"]
[PlyCount "78"]

1.e4 e6 2.d4 d5 3.Nd2 Nf6 4.e5 Nfd7 5.f4 c5 6.c3 Nc6 7.Ndf3 cxd4 8.cxd4 
Qb6 9.a3 a5 10.b3 Be7 11.g3 f6 12.Bh3 O-O 13.Bxe6+ Kh8 14.Bxd5 fxe5 15.
fxe5 Ndxe5 16.dxe5 Rd8 17.Ra2 Be6 18.Rd2 Qe3+ 19.Re2 Qc5 20.Bxe6 Rxd1+ 21.
Kxd1 Rd8+ 22.Rd2 Nxe5 23.Bc4 Nxc4 24.bxc4 Qf2 25.Rxd8+ Bxd8 26.Ne1 Qf1 27.
Be3 Bf6 28.h4 h5 29.Rh2 Qxc4 30.Ngf3 b5 31.Nd2 Qg4+ 32.Kc2 Qa4+ 33.Nb3 
Qc4+ 34.Kd1 Qxb3+ 35.Nc2 Qb1+ 36.Kd2 b4 37.axb4 axb4 38.Rf2 b3 39.Nd4 b2 
0-1

[Event "zonal 11"]
[Site "Shah Alam MAS"]
[Date "1990.??.??"]
[Round "7"]
[White "Liang Jinrong"]
[Black "Carless, David"]
[Result "0-1"]
[WhiteElo "2455"]
[BlackElo "2270"]
[EventDate "1990.02.26"]
[PlyCount "108"]

1.e4 c5 2.Nf3 d6 3.d4 cxd4 4.Nxd4 Nf6 5.Nc3 g6 6.Be3 Bg7 7.f3 Nc6 8.Qd2 
O-O 9.O-O-O Nxd4 10.Bxd4 Be6 11.Kb1 Qc7 12.h4 Rfc8 13.h5 Qa5 14.hxg6 hxg6 
15.a3 Rab8 16.Ne2 Qxd2 17.Rxd2 a6 18.Nf4 Bc4 19.Bxc4 Rxc4 20.Bxf6 Bxf6 21.
Nd5 Bg5 22.Rd3 e6 23.b3 Rcc8 24.Nb6 Rc6 25.Nc4 Rd8 26.Rhd1 Bf4 27.Na5 Rc7 
28.Nc4 Rc6 29.a4 b6 30.Rd4 b5 31.Na5 Rb6 32.axb5 axb5 33.c3 Be5 34.R4d3 
Ra8 35.b4 Kf8 36.Kb2 Ke7 37.Kb3 Rab8 38.Rc1 g5 39.c4 bxc4+ 40.Rxc4 Kd7 41.
Rd2 Bf4 42.Rd1 Be5 43.Ka4 Bf4 44.Ka3 Ra8 45.Ka4 Rab8 46.Rd3 Be5 47.Rd2 Bf4
48.Rd1 Be5 49.Ra1 d5 50.exd5 exd5 51.Rd1 Bd6 52.Rxd5 Rxb4+ 53.Rxb4 Rxb4+ 
54.Ka3 Rd4+ 0-1

[Event "zonal 11"]
[Site "Shah Alam MAS"]
[Date "1990.??.??"]
[Round "7"]
[White "Garbett, Paul Anthony"]
[Black "Schmidt, Loren"]
[Result "1/2-1/2"]
[WhiteElo "2295"]
[BlackElo "2260"]
[EventDate "1990.02.26"]
[PlyCount "141"]

1.e4 Nf6 2.e5 Nd5 3.d4 d6 4.Nf3 Bg4 5.Be2 e6 6.O-O Be7 7.c4 Nb6 8.Nc3 O-O 
9.Be3 N8d7 10.exd6 cxd6 11.b3 d5 12.c5 Nc8 13.h3 Bxf3 14.Bxf3 Bf6 15.Qd2 
Nb8 16.Rac1 Nc6 17.b4 Nxb4 18.Rb1 Nc6 19.Rxb7 Na5 20.Rb4 Ne7 21.Ra4 Nec6 
22.Be2 a6 23.Rb1 Qc8 24.Bf4 Rd8 25.Bd6 Nb7 26.Bg3 Nba5 27.Bd6 Nb7 28.Bf4 
Nba5 29.Bg5 Bxg5 30.Qxg5 Nc4 31.Bd3 Nxd4 32.Bxc4 dxc4 33.Rxc4 h6 34.Qf4 
Nc6 35.Qg3 Rd4 36.Rxd4 Nxd4 37.Qe5 Nf5 38.Ne4 Qc6 39.Rb6 Qa4 40.c6 Nd4 41.
Rb8+ Rxb8 42.Qxb8+ Kh7 43.Qb1 f5 44.c7 Qc6 45.Qd1 Qxc7 46.Nf6+ gxf6 47.
Qxd4 Kg6 48.g3 Qc1+ 49.Kh2 Qc2 50.a3 e5 51.Qb6 Qd2 52.Kg2 Qd5+ 53.Kg1 a5 
54.Qb8 f4 55.Qe8+ Qf7 56.Qa8 fxg3 57.fxg3 Qe6 58.Qxa5 Qxh3 59.Qc3 Qd7 60.
Qc2+ f5 61.Qc5 Qd1+ 62.Kg2 Qe2+ 63.Kh3 Qg4+ 64.Kh2 Qe4 65.a4 Qe2+ 66.Kh3 
f4 67.gxf4 exf4 68.Qd6+ Kf5 69.Qd5+ Kf6 70.Qd6+ Kf5 71.Qd5+ 1/2-1/2

[Event "zonal 11"]
[Site "Shah Alam MAS"]
[Date "1990.??.??"]
[Round "8"]
[White "Johansen, Darryl"]
[Black "Torre, Eugenio"]
[Result "1-0"]
[WhiteElo "2420"]
[BlackElo "2550"]
[EventDate "1990.02.26"]
[PlyCount "105"]

1.d4 Nf6 2.c4 c6 3.Nf3 d6 4.Nc3 Bg4 5.e4 Nbd7 6.Be2 e5 7.O-O Be7 8.Be3 O-O
9.d5 cxd5 10.cxd5 Bxf3 11.Bxf3 Qb8 12.Qe2 Bd8 13.Rfc1 a6 14.Bg4 Bb6 15.
Bxd7 Nxd7 16.Bxb6 Nxb6 17.Rc2 Qd8 18.Rac1 Rc8 19.Nd1 Qd7 20.Ne3 Rxc2 21.
Qxc2 Rc8 22.Qd1 g6 23.g4 Kg7 24.b3 Rc7 25.Qd2 Nc8 26.Kg2 Ne7 27.Rxc7 Qxc7 
28.Qb4 Nc8 29.a4 b6 30.Qc4 Qxc4 31.Nxc4 Kf6 32.h4 h6 33.Kg3 Ke7 34.g5 hxg5
35.hxg5 b5 36.axb5 axb5 37.Na3 Na7 38.Nc2 Nc8 39.Nb4 Kd8 40.f4 Ne7 41.Nd3 
exf4+ 42.Kxf4 Kc7 43.Ke3 Nc8 44.Kd4 Nb6 45.e5 Kd7 46.Nf2 dxe5+ 47.Kxe5 Ke7
48.Ne4 Kd7 49.Kd4 b4 50.Kc5 Kc7 51.d6+ Kb7 52.Nf6 Na8 53.Nd5 1-0

[Event "zonal 11"]
[Site "Shah Alam MAS"]
[Date "1990.??.??"]
[Round "8"]
[White "Rogers, Ian"]
[Black "Antonio, Rogelio jr"]
[Result "1-0"]
[WhiteElo "2515"]
[BlackElo "2440"]
[EventDate "1990.02.26"]
[PlyCount "75"]

1.Nf3 Nf6 2.d4 c5 3.d5 e6 4.Nc3 d6 5.e4 exd5 6.exd5 Be7 7.Bb5+ Bd7 8.a4 
O-O 9.h3 Na6 10.O-O Nb4 11.Re1 a6 12.Bc4 Bf5 13.Re2 Re8 14.a5 Bf8 15.Be3 
Bg6 16.Rd2 Nd7 17.Nb1 b5 18.axb6 Nxb6 19.Na3 Re4 20.Bf1 a5 21.c3 Na6 22.
Bd3 Re7 23.Bxg6 hxg6 24.Qe2 Nc7 25.c4 Re8 26.Re1 Qd7 27.Qd1 Reb8 28.Ree2 
Nc8 29.Rd3 Qf5 30.Ng5 Be7 31.Bc1 Qd7 32.Ne4 Rb4 33.Rde3 a4 34.Qe1 Bf8 35.
Ng5 Nb6 36.Re4 f5 37.Rh4 Re8 38.f3 1-0

[Event "zonal 11"]
[Site "Shah Alam MAS"]
[Date "1990.??.??"]
[Round "8"]
[White "Utut Adianto"]
[Black "Balinas, Rosendo Carrean"]
[Result "1-0"]
[WhiteElo "2525"]
[BlackElo "2405"]
[EventDate "1990.02.26"]
[PlyCount "123"]

1.d4 Nf6 2.c4 e6 3.Nf3 b6 4.g3 Bb7 5.Bg2 c5 6.O-O cxd4 7.Qxd4 Be7 8.Nc3 d6
9.Rd1 a6 10.Ng5 Bxg2 11.Kxg2 O-O 12.Nge4 Ne8 13.b3 Nc6 14.Qe3 Qc7 15.Bb2 
Qb7 16.Kg1 b5 17.cxb5 axb5 18.Qd3 b4 19.Na4 Ra5 20.Rac1 f5 21.Nd2 Rd5 22.
Qc2 Nd8 23.Nf3 f4 24.Rxd5 Qxd5 25.Qc4 Qxc4 26.Rxc4 fxg3 27.hxg3 d5 28.Rc2 
Bd6 29.Bd4 Nb7 30.Rc6 h6 31.Ne5 Nd8 32.Rc8 Nf6 33.Nc5 Re8 34.Ncd3 Kh7 35.
Bc5 Bxc5 36.Nxc5 Kg8 37.Ncd3 Nb7 38.Rc6 Nd8 39.Rc7 Ne4 40.Nxb4 Rf8 41.Nbd3
Nf7 42.Nxf7 Rxf7 43.Rc6 Ra7 44.a4 Kf7 45.Kg2 Ke7 46.f3 Nd6 47.Nc5 e5 48.b4
Nc4 49.b5 Ra5 50.g4 Kf7 51.Rc7+ Kf6 52.Nd7+ Ke6 53.b6 Kd6 54.Rxc4 dxc4 55.
b7 Kxd7 56.b8=Q Rc5 57.Qb4 Kc6 58.a5 c3 59.a6 c2 60.a7 c1=Q 61.a8=Q+ Kd7 
62.Qbb7+ 1-0

[Event "zonal 11"]
[Site "Shah Alam MAS"]
[Date "1990.??.??"]
[Round "8"]
[White "Liew Chee Meng, Jimmy"]
[Black "Barcenilla, Rogelio"]
[Result "1-0"]
[WhiteElo "2355"]
[BlackElo "2385"]
[EventDate "1990.02.26"]
[PlyCount "161"]

1.d4 Nf6 2.Nc3 d5 3.Bg5 Bf5 4.Bxf6 exf6 5.e3 c6 6.Bd3 Be6 7.Qf3 Qd7 8.Nge2
f5 9.Nf4 g6 10.h4 h5 11.Nce2 Bh6 12.O-O Qe7 13.Qg3 Nd7 14.Nxe6 Qxe6 15.
Rfc1 Nf6 16.c4 O-O 17.Nf4 Bxf4 18.Qxf4 Rfe8 19.b4 Rac8 20.c5 Qd7 21.a4 Qc7
22.Qxc7 Rxc7 23.b5 Ree7 24.g3 Ne8 25.Rcb1 Ng7 26.a5 cxb5 27.Bxb5 Ne6 28.a6
Nd8 29.Ba4 Kg7 30.Kg2 bxa6 31.Rb8 Ne6 32.Bb3 Red7 33.Rxa6 g5 34.hxg5 Nxg5 
35.Ba4 Re7 36.Bb3 Re6 37.Ra2 Rd7 38.Ra8 Ree7 39.c6 Rd6 40.R2xa7 Rxa7 41.
Rxa7 Rxc6 42.Bxd5 Rc2 43.Ra2 Rxa2 44.Bxa2 Kf8 45.Bd5 Nh7 46.Kh3 Ng5+ 47.
Kh4 Kg8 48.f3 Nh7 49.Bc6 Ng5 50.f4 Ne6 51.Bf3 Ng7 52.Bd1 f6 53.d5 Kf7 54.
Bxh5+ Ke7 55.Bf3 Ne8 56.Kh5 Kf7 57.Be2 Nd6 58.Bd3 Kg7 59.g4 fxg4 60.Kxg4 
Kf7 61.Bf5 Nc4 62.Kf3 Ke7 63.Bd3 Nb2 64.Ke4 Kd6 65.Kd4 Nxd3 66.Kxd3 Kxd5 
67.e4+ Kd6 68.Kc4 Kc6 69.Kd4 Kd6 70.f5 Kc6 71.e5 Kc7 72.e6 Kd6 73.Ke4 Ke7 
74.Kf4 Kf8 75.Kg4 Kg8 76.Kh5 Kg7 77.e7 Kf7 78.Kh6 Kxe7 79.Kg6 Ke8 80.Kxf6 
Kf8 81.Ke6 1-0

[Event "zonal 11"]
[Site "Shah Alam MAS"]
[Date "1990.??.??"]
[Round "8"]
[White "Lim, Jeremy"]
[Black "Handoko, Edhi"]
[Result "0-1"]
[WhiteElo "2365"]
[BlackElo "2370"]
[EventDate "1990.02.26"]
[PlyCount "102"]

1.c4 Nf6 2.Nc3 e6 3.d4 Bb4 4.Qc2 d5 5.cxd5 exd5 6.Nf3 Ne4 7.e3 O-O 8.Bd3 
f5 9.O-O c6 10.Ne5 Bd6 11.f4 Nd7 12.Rb1 a5 13.Bd2 Nb6 14.Be2 Be6 15.Be1 
Nd7 16.Nxe4 fxe4 17.g4 g6 18.Bg3 Qb6 19.f5 Bxe5 20.Bxe5 Nxe5 21.fxe6 Nf3+ 
22.Bxf3 exf3 23.Rf2 Qd8 24.Rbf1 Qg5 25.Rxf3 Rxf3 26.Rxf3 Qxg4+ 27.Qg2 Qxe6
28.Qg5 Re8 29.h4 Qe4 30.Kf2 Qe7 31.Qg3 Kg7 32.h5 g5 33.Qg4 h6 34.b3 Qd6 
35.Ke2 b6 36.Kd2 a4 37.Rf5 axb3 38.axb3 Ra8 39.Re5 Qb4+ 40.Ke2 Ra2+ 41.Kf3
Qf8+ 42.Rf5 Qd6 43.Re5 Ra7 44.Ke2 Qf8 45.Rf5 Qa3 46.Re5 Qb2+ 47.Kf3 Qb1 
48.Kg3 Rf7 49.Re6 Qg1+ 50.Kh3 Qf1+ 51.Kg3 Qf2+ 0-1

[Event "zonal 11"]
[Site "Shah Alam MAS"]
[Date "1990.??.??"]
[Round "8"]
[White "Ginting, Nasib"]
[Black "West, Guy"]
[Result "0-1"]
[WhiteElo "2400"]
[BlackElo "2330"]
[EventDate "1990.02.26"]
[PlyCount "106"]

1.Nf3 c5 2.g3 b6 3.Bg2 Bb7 4.O-O Nf6 5.d3 e6 6.e4 d6 7.Nbd2 Be7 8.Re1 Nbd7
9.c3 Rc8 10.a3 Qc7 11.b4 O-O 12.Bb2 Rfd8 13.b5 Ne5 14.Nxe5 dxe5 15.Nc4 Ne8
16.a4 a5 17.Qe2 Bf6 18.Rad1 g6 19.f4 exf4 20.gxf4 Bh4 21.Rf1 Nd6 22.Ne5 c4
23.d4 f5 24.exf5 Bxg2 25.Qxg2 exf5 26.Rf3 Ne4 27.Kh1 Qd6 28.Rdf1 Rc7 29.
Rh3 Bf6 30.Re3 Qd5 31.Ba3 Re8 32.Rfe1 Bg7 33.Rf1 Nf6 34.Qxd5+ Nxd5 35.Ref3
Bxe5 36.fxe5 Kf7 37.Bc1 Ke6 38.Bh6 Rf7 39.Kg2 g5 40.Bxg5 Rg8 41.Rg3 f4 42.
Bxf4 Rgf8 43.Bh6 Rxf1 44.Bxf8 Rxf8 45.Kg1 Nf4 46.Re3 Rg8+ 47.Kf1 Rf8 48.
Kg1 Rf5 49.h3 h5 50.h4 Rf8 51.Re4 Kf5 52.Re3 Ke6 53.Re4 Nd5 0-1

[Event "zonal 11"]
[Site "Shah Alam MAS"]
[Date "1990.??.??"]
[Round "8"]
[White "Carless, David"]
[Black "Schmidt, Loren"]
[Result "1/2-1/2"]
[WhiteElo "2270"]
[BlackElo "2260"]
[EventDate "1990.02.26"]
[PlyCount "31"]

1.g3 g6 2.Bg2 Bg7 3.d4 c5 4.c3 Qc7 5.Nf3 Nf6 6.O-O O-O 7.Bf4 Qb6 8.Qb3 Nc6
9.Qxb6 axb6 10.Na3 d6 11.Rfd1 h6 12.d5 Nb8 13.Ne1 Bd7 14.e4 g5 15.Bd2 b5 
16.Nd3 1/2-1/2

[Event "zonal 11"]
[Site "Shah Alam MAS"]
[Date "1990.??.??"]
[Round "9"]
[White "Ye Rongguang"]
[Black "Antonio, Rogelio jr"]
[Result "1/2-1/2"]
[WhiteElo "2490"]
[BlackElo "2440"]
[EventDate "1990.02.26"]
[PlyCount "102"]

1.d4 c5 2.Nf3 Nf6 3.g3 cxd4 4.Nxd4 g6 5.Bg2 Bg7 6.c4 Nc6 7.O-O O-O 8.Nc3 
Qb6 9.Nc2 d6 10.b3 Qa5 11.Bd2 Qh5 12.e4 Bg4 13.f3 Bh3 14.Rb1 Bxg2 15.Kxg2 
Qa5 16.Qe2 Rac8 17.Rfd1 Rfe8 18.Rbc1 Qa6 19.Re1 b6 20.Ne3 Qb7 21.Ncd5 Ne5 
22.Nxf6+ Bxf6 23.Nd5 Bg7 24.Bc3 a6 25.a4 Rb8 26.Red1 Nd7 27.Qe3 Nc5 28.h4 
h5 29.Bxg7 Kxg7 30.Rc3 e6 31.Nf4 Qe7 32.e5 dxe5 33.Qxe5+ Qf6 34.Qxf6+ Kxf6
35.Ra1 a5 36.Nd3 Red8 37.Nxc5 Rd2+ 38.Kh3 bxc5 39.Re1 Rbd8 40.Ree3 Rb2 41.
Rcd3 Rxd3 42.Rxd3 Ke5 43.f4+ Ke4 44.Rd7 f5 45.Re7 Kf3 46.Rxe6 Rxb3 47.Rxg6
Rb1 48.Kh2 Rb2+ 49.Kh3 Rg2 50.Rg5 Kf2 51.Rxf5 Rxg3+ 1/2-1/2

[Event "zonal 11"]
[Site "Shah Alam MAS"]
[Date "1990.??.??"]
[Round "9"]
[White "Utut Adianto"]
[Black "Liew Chee Meng, Jimmy"]
[Result "1-0"]
[WhiteElo "2525"]
[BlackElo "2355"]
[EventDate "1990.02.26"]
[PlyCount "73"]

1.d4 e6 2.Nf3 Nf6 3.c4 c5 4.g3 cxd4 5.Nxd4 a6 6.Bg2 Nc6 7.O-O Qc7 8.Nc3 
Be7 9.Nb3 d6 10.Bf4 Nh5 11.Be3 Ne5 12.Rc1 Bd7 13.Nd2 O-O 14.Qb3 f5 15.Bb6 
Qc8 16.f4 Nf7 17.e4 fxe4 18.Ndxe4 Kh8 19.Bd4 Qe8 20.Qxb7 Rb8 21.Qxa6 Rxb2 
22.Rb1 Rc2 23.Bf3 e5 24.Bxh5 exd4 25.Nd5 Bh3 26.Rf2 d3 27.Qa3 Bf5 28.Re1 
Bf6 29.Qxd3 Rxf2 30.Kxf2 Ne5 31.Qd1 Nd3+ 32.Qxd3 Qxh5 33.h4 Rb8 34.Ndxf6 
gxf6 35.Qxd6 Rb2+ 36.Kg1 Qf3 37.Qf8# 1-0

[Event "zonal 11"]
[Site "Shah Alam MAS"]
[Date "1990.??.??"]
[Round "9"]
[White "Torre, Eugenio"]
[Black "Garbett, Paul Anthony"]
[Result "1/2-1/2"]
[WhiteElo "2550"]
[BlackElo "2295"]
[EventDate "1990.02.26"]
[PlyCount "94"]

1.e4 d5 2.exd5 Qxd5 3.Nc3 Qa5 4.d4 c6 5.Nf3 Nf6 6.Ne5 Nbd7 7.Nc4 Qd8 8.Bd3
g6 9.O-O Bg7 10.a4 Nb6 11.a5 Nxc4 12.Bxc4 Bg4 13.Ne2 Qd7 14.c3 Be6 15.Bxe6
Qxe6 16.Nf4 Qd7 17.Nd3 O-O 18.Qb3 Qf5 19.Rd1 Qb5 20.Qc2 Nd7 21.Bf4 b6 22.
Re1 Qf5 23.Rxe7 c5 24.Qe2 cxd4 25.g4 Qb5 26.c4 Qc6 27.Nb4 Qc8 28.Nd5 d3 
29.Qxd3 Nf6 30.axb6 Qxg4+ 31.Qg3 axb6 32.Nxf6+ Bxf6 33.Qxg4 Rxa1+ 34.Kg2 
Bxe7 35.Be5 Re1 36.Qd4 Rd8 37.Qc3 Re2 38.Bc7 Rdd2 39.Bxb6 Rxb2 40.Bd4 Rb8 
41.c5 Re6 42.c6 Rc8 43.c7 Bd6 44.Bh8 Bf8 45.Be5 Bd6 46.Bh8 Bf8 47.Be5 Bd6 
1/2-1/2